| 000 | 00354nam a2200121Ia 4500 | ||
|---|---|---|---|
| 008 | 211105s9999 xx 000 0 und d | ||
| 020 | _aVYASA15141 | ||
| 100 | _aMeena Fogat | ||
| 245 | 0 | _aTo evaluate the effect of cyclic mediation on mental health in corporate professionals : a controlled trial | |
| 250 | _a\N | ||
| 260 |
_bSVYASA _c\N |
||
| 300 | _a33p. | ||
| 999 |
_c15188 _d15188 |
||